Statistiken für Länder, die auf O enden

Klicken Sie hier um das Quiz zu spielen!

Allgemein

  • Dieses Quiz wurde 9.843 mal gespielt
  • Das Durchschnittsergebnis liegt bei 6 aus 12

Antwortstatistiken

Land% Korrekt
Togo
71%
Republik Kongo
68%
Dem. Rep. Kongo
68%
Mexiko
58%
Lesotho
55%
Marokko
51%
Kosovo
48%
Monaco
43%
San Marino
35%
Montenegro
34%
Burkina Faso
32%
Trinidad und Tobago
30%

Verteilung der Resultate

Perzentil nach korrekt beantworteten Fragen

Anzahl Personen mit jedem Resultat

Ihre Resultats-Entwicklung

Sie haben dieses Quiz noch nicht gespielt